000 01336nac a22003857a 4500
001 BR8500437
003 BR-BrBNA
005 20240105120230.0
008 230509b bl.|||m| |||| 00| 0 por d
040 _aBR-BrBNA
_bpor
_cBiblioteca Nacional de Agricultura
072 _aM40
090 _a8310 BR8500437
100 1 _aSeixas Filho, J.T. de
100 1 _aSimao, O.M.
100 1 _aTriani, L.
100 1 _aCunha, L.L. da
100 1 _aThomas, J.E.
100 1 _aSouza, M. de M. e
100 1 _aMatta, V. da
110 1 _aEmpresa de Pesquisa Agropecuaria do Estado do Rio de Janeiro, Niteroi (Brasil)
245 1 _aRotifero: uma alternativa no arracoamento larval de Macrobrachium rosenbergii [camarao, nutricao animal, plancton]
246 1 _a[Rotifer: an alternative in the larval breeding of Macrobrachium rosenbergii [shrimp, animal nutrition, plankton]]
260 3 _aNiteroi, RJ (Brasil):
_c1984.
300 _a3 p.
490 _aPesquisa em Andamento - Empresa de Pesquisa Agropecuaria do Estado do Rio de Janeiro (Brazil)
_vno. 35
_xISSN 0101-5052
650 _aCAMARAO
650 _aLARVA
650 _aARRACOAMENTO
650 _aROTIFERO
650 _aARTEMIA
650 _aPLANCTON
650 _aBIOLOGIA AQUATICA
909 _a202312
_bLúcia Elande
_c55
_dLúcia Elande
942 _2AGRIS
_n0
_cMS
999 _c278443
_d278443